[Event "Hamburg-ch MB"]
[Site "Hamburg"]
[Date "2019.06.12"]
[Round "5"]
[White "Christensen, Andreas"]
[Black "Cassens, Erhard Otto"]
[Result "0-1"]
[WhiteElo "1854"]
[BlackElo "1852"]
[PlyCount "118"]
[EventDate "2019.06.08"]
[EventType "swiss"]
[EventRounds "9"]
[EventCountry "GER"]
[SourceTitle "EXT 2022"]
[Source "ChessBase"]
[SourceDate "2021.10.06"]
[SourceVersion "1"]
[SourceVersionDate "2021.10.06"]
[SourceQuality "1"]

1. e4 e6 2. d4 d5 3. Nd2 Nf6 4. e5 Nfd7 5. Bd3 c5 6. c3 b6 7. f4 Ba6 8. Ndf3 Bxd3 9. Qxd3 g6 10. Ne2 Nc6 11. Bd2 c4 12. Qc2 Be7 13. Be3 b5 14. g4 f5 15. gxf5 gxf5 16. Rg1 Nf8 17. Ng3 Bh4 18. Ke2 Bxg3 19. Rxg3 Qd7 20. Rag1 Ng6 21. h4 0-0-0 22. h5 Nge7 23. Bc1 Rhg8 24. Ng5 Rg7 25. h6 Rg6 26. Nf7 Rdg8 27. Rxg6 Rxg6 28. Qd1 Kb8 29. Rxg6 Nxg6 30. Nd6 Nd8 31. Qg1 Nf7 32. Nxf7 Qxf7 33. b3 cxb3 34. Ba3 Nxf4+ 35. Ke3 Ng6 36. axb3 f4+ 37. Kf2 Qf5 38. Qf1 Qc2+ 39. Kg1 a6 40. Bd6+ Kb7 41. Qa1 f3 42. Qf1 Qxc3 43. Qb1 Qxd4+ 44. Kf1 Qe3 45. Qc2 Qe2+ 46. Qxe2 fxe2+ 47. Kxe2 Nh4 48. b4 Nf5 49. Bf8 Kc6 50. Kf3 Kd7 51. Kg4 Ke8 52. Bc5 Nxh6+ 53. Kg5 Nf5 54. Kf6 Kd7 55. Kg5 d4 56. Kf4 h5 57. Ke4 h4 58. Kf3 d3 59. Bf2 Kc6 0-1

[Event "Pinneberg-ch"]
[Site "Pinneberg"]
[Date "2018.08.23"]
[Round "2"]
[White "Hadlich, Winfried"]
[Black "Cassens, Erhard Otto"]
[Result "0-1"]
[WhiteElo "1710"]
[BlackElo "1698"]
[PlyCount "56"]
[EventDate "2018.08.16"]
[EventType "swiss"]
[EventRounds "7"]
[EventCountry "GER"]
[SourceTitle "EXT 2019"]
[Source "ChessBase"]
[SourceDate "2018.10.10"]
[SourceVersion "1"]
[SourceVersionDate "2018.10.10"]
[SourceQuality "1"]

1. d4 Nf6 2. Bg5 Ne4 3. Bf4 c6 4. Nd2 d5 5. Nxe4 dxe4 6. c3 Nd7 7. e3 Nf6 8. Bc4 Nd5 9. Bg3 e6 10. Ne2 Be7 11. Bb3 h5 12. h4 a5 13. a3 b5 14. Bc2 f5 15. b3 Ba6 16. Qd2 0-0 17. f3 exf3 18. gxf3 Bd6 19. e4 fxe4 20. Bxe4 Ra7 21. b4 Bxg3+ 22. Nxg3 Nf6 23. Bg6 Qd5 24. Qe2 Bc8 25. 0-0 Qd6 26. Qe5 Qxe5 27. dxe5 Nd5 28. Be4 Rf4 0-1

[Event "Hamburg-ch cand"]
[Site "Hamburg"]
[Date "2016.05.18"]
[Round "5"]
[White "Haack, Stefan"]
[Black "Cassens, Erhard Otto"]
[Result "0-1"]
[WhiteElo "1863"]
[BlackElo "1851"]
[PlyCount "120"]
[EventDate "2016.05.14"]
[EventType "swiss"]
[EventRounds "9"]
[EventCountry "GER"]
[SourceTitle "EXT 2018"]
[Source "ChessBase"]
[SourceDate "2017.10.13"]
[SourceVersion "1"]
[SourceVersionDate "2017.10.13"]
[SourceQuality "1"]

1. e4 e6 2. d4 d5 3. e5 c5 4. c3 Nc6 5. Nf3 Qb6 6. Be2 Nge7 7. g4 h5 8. gxh5 Rxh5 9. dxc5 Qxc5 10. Be3 Qa5 11. Ng5 Rh4 12. Nf3 Rh8 13. b4 Qc7 14. Bd4 Ng6 15. Bb5 Bd7 16. Bxc6 Bxc6 17. 0-0 Be7 18. a4 a6 19. Re1 b5 20. axb5 Bxb5 21. Na3 Bd7 22. Nc2 Nf4 23. Qd2 Nh3+ 24. Kh1 Rh5 25. Qe3 Ng5 26. Nxg5 Bxg5 27. f4 Be7 28. Qe2 Rf5 29. Qg4 g6 30. Ne3 Rh5 31. Rg1 Bb5 32. Rg3 Bd3 33. Rh3 Be4+ 34. Kg1 Rxh3 35. Qxh3 Qb7 36. Qf1 Kf8 37. Ra5 Kg7 38. Ra1 Qc8 39. Ra2 Bd8 40. Qh3 Be7 41. Qf1 Bh4 42. Ng4 Qc4 43. Qxc4 dxc4 44. Ne3 Bd3 45. b5 a5 46. b6 g5 47. fxg5 Bxg5 48. Rg2 Kh6 49. Bc5 Rb8 50. Ra2 Bd8 51. Rb2 Rb7 52. Rb5 Kg5 53. Rxa5 Rxb6 54. Ra4 Rb1+ 55. Kf2 Rb2+ 56. Kg1 Rb1+ 57. Kf2 Kf4 58. Nxc4 Bh4+ 59. Kg2 Bf1+ 60. Kg1 Bh3# 0-1

[Event "Hamburg-ch cand"]
[Site "Hamburg"]
[Date "2016.05.16"]
[Round "3"]
[White "Schmuck, Martin"]
[Black "Cassens, Erhard Otto"]
[Result "0-1"]
[WhiteElo "1931"]
[BlackElo "1851"]
[PlyCount "98"]
[EventDate "2016.05.14"]
[EventType "swiss"]
[EventRounds "9"]
[EventCountry "GER"]
[SourceTitle "EXT 2018"]
[Source "ChessBase"]
[SourceDate "2017.10.13"]
[SourceVersion "1"]
[SourceVersionDate "2017.10.13"]
[SourceQuality "1"]

1. e4 e6 2. Nc3 d5 3. exd5 exd5 4. d4 c6 5. Nf3 Bd6 6. Bd3 Bg4 7. h3 Bh5 8. g4 Bg6 9. Bg5 Qc7 10. Qe2+ Ne7 11. 0-0-0 Bxd3 12. Rxd3 f6 13. Bd2 Na6 14. Qe6 Qd7 15. Re1 Qxe6 16. Rxe6 Kd7 17. Rde3 Nc7 18. Rxd6+ Kxd6 19. Na4 Na6 20. Nc5 Nxc5 21. dxc5+ Kd7 22. Nd4 Rae8 23. Rb3 Kc8 24. Bf4 Ng6 25. Bd6 Re1+ 26. Kd2 Rhe8 27. f4 R1e4 28. Nf5 Re2+ 29. Kd3 Rh2 30. h4 Rh3+ 31. Kd2 Rxb3 32. axb3 Re4 33. Ng3 Rb4 34. Kc3 a5 35. Nh5 Kd7 36. g5 fxg5 37. hxg5 Re4 38. f5 Nh8 39. f6 g6 40. f7 Nxf7 41. Nf6+ Ke6 42. Nxe4 dxe4 43. Kd4 Kf5 44. Bc7 Nxg5 45. Bxa5 Ne6+ 46. Ke3 Nxc5 47. Be1 g5 48. Kf2 h5 49. Kg2 Ne6 0-1

[Event "Hamburg HSK Christmas op 1st"]
[Site "Hamburg"]
[Date "2015.12.28"]
[Round "5"]
[White "Schulz, Hans Juergen"]
[Black "Cassens, Erhard Otto"]
[Result "1-0"]
[WhiteElo "1930"]
[BlackElo "1879"]
[PlyCount "61"]
[EventDate "2015.12.27"]
[EventType "swiss"]
[EventRounds "7"]
[EventCountry "GER"]
[SourceTitle "EXT 2022"]
[Source "ChessBase"]
[SourceDate "2021.10.06"]
[SourceVersion "1"]
[SourceVersionDate "2021.10.06"]
[SourceQuality "1"]

1. e4 e6 2. Nf3 d5 3. e5 Ne7 4. d4 c5 5. c3 cxd4 6. cxd4 Nbc6 7. Nc3 Qb6 8. Bd3 Bd7 9. Na4 Qc7 10. Bd2 Ng6 11. Rc1 Rc8 12. 0-0 Be7 13. b4 Qb8 14. Qb3 Nh4 15. Nxh4 Bxh4 16. Qb2 0-0 17. b5 Nd8 18. Bb4 Rxc1 19. Rxc1 Re8 20. Bd6 Qa8 21. Rc7 a6 22. Rxd7 axb5 23. Bxb5 Nc6 24. g3 Bg5 25. Nc5 Qa5 26. Rxb7 Qe1+ 27. Kg2 Bc1 28. Qa1 Nb4 29. Bxe8 h5 30. Bxf7+ Kh8 31. Rb8+ 1-0

[Event "Hamburg-ch Seniors 22nd"]
[Site "Hamburg"]
[Date "2015.11.05"]
[Round "9"]
[White "Krotofil, Kurt"]
[Black "Cassens, Erhard Otto"]
[Result "1/2-1/2"]
[WhiteElo "1974"]
[BlackElo "1870"]
[PlyCount "89"]
[EventDate "2015.10.28"]
[EventType "swiss"]
[EventRounds "9"]
[EventCountry "GER"]
[SourceTitle "EXT 2018"]
[Source "ChessBase"]
[SourceDate "2017.10.13"]
[SourceVersion "1"]
[SourceVersionDate "2017.10.13"]
[SourceQuality "1"]

1. d4 e6 2. c4 d5 3. Nc3 c6 4. e3 Bd6 5. Nf3 f5 6. Bd3 Nf6 7. 0-0 0-0 8. a3 Nbd7 9. cxd5 cxd5 10. Bd2 Ne4 11. Rc1 Ndf6 12. Nb5 Nxd2 13. Qxd2 Bb8 14. Qc2 Bd7 15. Nc7 Bxc7 16. Qxc7 Bc6 17. Qxd8 Rfxd8 18. Ne5 Rd6 19. Nxc6 bxc6 20. Rc2 Rb8 21. b4 Nd7 22. f4 Kf7 23. Rfc1 Rb6 24. Kf2 g6 25. Ke2 Ke7 26. Kd2 Nb8 27. Rc5 Rd7 28. Kc3 Rdb7 29. Rb1 Nd7 30. Ra5 Kd6 31. Rc1 Nb8 32. Kd2 Nd7 33. Bc2 Rb5 34. Ba4 R5b6 35. h4 Nf6 36. Ke2 Nd7 37. Kf3 h5 38. g3 Rc7 39. Bd1 Rcb7 40. Be2 Rc7 41. Ra4 Nb8 42. Ra5 Nd7 43. Kf2 Rcb7 44. Ra6 Nb8 45. Rxb6 1/2-1/2

[Event "Hamburg-ch MB"]
[Site "Hamburg"]
[Date "2015.05.27"]
[Round "5"]
[White "Cassens, Erhard Otto"]
[Black "Raedisch, Peter"]
[Result "1-0"]
[WhiteElo "1830"]
[BlackElo "1706"]
[PlyCount "157"]
[EventDate "2015.05.23"]
[EventType "swiss"]
[EventRounds "9"]
[EventCountry "GER"]
[SourceTitle "EXT 2022"]
[Source "ChessBase"]
[SourceDate "2021.10.06"]
[SourceVersion "1"]
[SourceVersionDate "2021.10.06"]
[SourceQuality "1"]

1. d4 d5 2. Bf4 a6 3. e3 Nf6 4. Be2 c6 5. Nd2 e6 6. Ngf3 Nh5 7. Bg5 Nf6 8. Ne5 Be7 9. 0-0 h6 10. Bh4 g5 11. Bg3 h5 12. f3 Nbd7 13. c3 h4 14. Be1 Nxe5 15. dxe5 Nd7 16. f4 gxf4 17. exf4 Qb6+ 18. Kh1 Qxb2 19. Nb3 Qa3 20. Rf3 Qa4 21. Bf2 c5 22. Qd2 b6 23. Rh3 Bb7 24. Rf1 0-0-0 25. Bd1 Qc6 26. Bf3 Qc7 27. Qe1 Nf8 28. Bxh4 Re8 29. Bxe7 Rxh3 30. Bd6 Rxh2+ 31. Kxh2 Qd7 32. Bg4 f5 33. Bxf8 fxg4 34. Bd6 Rh8+ 35. Kg1 Qh7 36. Qg3 Qf5 37. Rc1 Bc6 38. Nd2 Kb7 39. Nf1 a5 40. Be7 Rh7 41. Bg5 Rh8 42. Nh2 Qh7 43. Bf6 Rg8 44. Nxg4 Qh5 45. Bg5 Rf8 46. Kf2 Qg6 47. Nh2 Rg8 48. Nf1 Qh5 49. Qf3 Rxg5 50. fxg5 Qxg5 51. Qe3 Qh4+ 52. g3 Qh3 53. Ke1 Qh1 54. Qf4 Qg2 55. Qf7+ Ka6 56. Qf2 Qh1 57. Kd2 Bb5 58. Re1 Qh7 59. Kc1 Qd3 60. Qd2 Qc4 61. Ne3 Qa4 62. g4 Qa3+ 63. Kb1 Qa4 64. g5 Qf4 65. Nf1 Qf5+ 66. Kb2 Bxf1 67. g6 Bc4 68. Rg1 Qf8 69. g7 Qg8 70. Qf2 d4 71. Qf8 dxc3+ 72. Kxc3 Qh7 73. Qa8+ Kb5 74. a4+ Kxa4 75. Qc6+ Ka3 76. Ra1+ Ba2 77. Qg2 Ka4 78. Rxa2+ Kb5 79. Rb2+ 1-0

[Event "Hamburg-ch MB"]
[Site "Hamburg"]
[Date "2015.05.25"]
[Round "3"]
[White "Chyzynski, David"]
[Black "Cassens, Erhard Otto"]
[Result "1-0"]
[WhiteElo "1778"]
[BlackElo "1830"]
[PlyCount "87"]
[EventDate "2015.05.23"]
[EventType "swiss"]
[EventRounds "9"]
[EventCountry "GER"]
[SourceTitle "EXT 2022"]
[Source "ChessBase"]
[SourceDate "2021.10.06"]
[SourceVersion "1"]
[SourceVersionDate "2021.10.06"]
[SourceQuality "1"]

1. d4 e6 2. c4 c6 3. Bf4 d5 4. e3 f5 5. Nf3 Nf6 6. Bd3 dxc4 7. Bxc4 Bb4+ 8. Nbd2 b5 9. Bb3 Ne4 10. 0-0 Nxd2 11. Nxd2 Bd6 12. Bxd6 Qxd6 13. Rc1 a5 14. a4 Ba6 15. Re1 0-0 16. Qf3 Ra7 17. Rc5 Kh8 18. Qg3 f4 19. Qh3 fxe3 20. Qxe3 Raf7 21. Nf3 Nd7 22. Rc2 Rf6 23. Qc3 Bb7 24. Rce2 b4 25. Qc2 Rxf3 26. gxf3 Rxf3 27. Re3 Qf4 28. Rxf3 Qxf3 29. Bxe6 Nf8 30. Qe4 Qf6 31. Bh3 Qg5+ 32. Bg2 Qd2 33. b3 Bc8 34. Qe3 Qc2 35. Qe8 Qf5 36. Qxc6 Bd7 37. Qc5 Qf6 38. Qe5 Qg6 39. Qxa5 h5 40. Qxb4 Ne6 41. Qb8+ Kh7 42. Qg3 Qf6 43. Qe5 Qg6 44. Qe4 1-0

[Event "Hamburg-ch Seniors 21st"]
[Site "Hamburg"]
[Date "2014.11.03"]
[Round "6"]
[White "Kornrumpf, Joachim"]
[Black "Cassens, Erhard Otto"]
[Result "1/2-1/2"]
[WhiteElo "1960"]
[BlackElo "1630"]
[PlyCount "66"]
[EventDate "2014.10.29"]
[EventType "swiss"]
[EventRounds "9"]
[EventCountry "GER"]
[SourceTitle "EXT 2018"]
[Source "ChessBase"]
[SourceDate "2017.10.13"]
[SourceVersion "1"]
[SourceVersionDate "2017.10.13"]
[SourceQuality "1"]

1. c4 e6 2. e3 d5 3. Nf3 c6 4. b3 Bd6 5. Bb2 Nf6 6. Be2 0-0 7. 0-0 Nbd7 8. Qc2 Ne4 9. d3 Ng5 10. Nbd2 Nxf3+ 11. Nxf3 Qe8 12. e4 dxe4 13. dxe4 e5 14. Rad1 Bc5 15. Bc3 Qe7 16. Qb2 Ba3 17. Qa1 f6 18. Qb1 a5 19. h3 Nc5 20. Nh2 Ne6 21. Bg4 Nf4 22. Rd2 h5 23. Bxc8 Rfxc8 24. Rfd1 Rc7 25. Nf3 g5 26. Kh2 Bb4 27. Qc2 Ne6 28. Bxb4 axb4 29. Rd3 c5 30. Qd2 Nd4 31. Nxd4 exd4 32. Qe2 Qe5+ 33. Kg1 Rh7 1/2-1/2